Why is it hot? / (Record no. 48071)
| 000 -LEADER | |
|---|---|
| fixed length control field | 00331nam a2200121 4500 |
| 245 ## - TITLE STATEMENT | |
| Title | Why is it hot? / |
| Statement of responsibility, etc | Chris Arvetis and Carole Palmer. |
| 260 ## - PUBLICATION, DISTRIBUTION, ETC. (IMPRINT) | |
| Place of publication, distribution, etc | Middletown, CT: |
| Name of publisher, distributor, etc | Field Publications; |
| Date of publication, distribution, etc | 1987. |
| 300 ## - PHYSICAL DESCRIPTION | |
| Extent | unpaged. |
| 490 ## - SERIES STATEMENT | |
| Series statement | A just- ask book; |
| 650 ## - SUBJECT ADDED ENTRY--TOPICAL TERM | |
| Topical term or geographic name as entry element | weather. |
| 700 ## - ADDED ENTRY--PERSONAL NAME | |
| Relator code | Vernon McKissack. |
| 942 ## - ADDED ENTRY ELEMENTS (KOHA) | |
| Source of classification or shelving scheme | |
| Koha item type | Book |
| Withdrawn status | Lost status | Source of classification or shelving scheme | Damaged status | Not for loan | Home library | Current library | Shelving location | Date acquired | Total Checkouts | Full call number | Barcode | Date last seen | Date checked out | Price effective from | Koha item type |
|---|---|---|---|---|---|---|---|---|---|---|---|---|---|---|---|
| Asian Hope Early Years Library | Asian Hope Early Years Library | Easy Reading | 12/09/2024 | 6 | E ARV | 206691 | 04/28/2026 | 04/21/2026 | 12/09/2024 | Book |